States With the Most Farmland Quiz Stats

Quiz Updated Sep 17, 2017

Challenge
Share
Tweet
Score 0/27 Timer 05:00
4 Plays Today
% Correct
45,331,783
98.3%
46,137,295
98.2%
28,266,137
97.3%
30,622,731
96.8%
130,153,438
96.7%
43,257,079
96.5%
34,356,110
95.2%
59,758,917
94%
30,363,641
94%
39,262,613
94%
31,886,676
93.3%
26,035,838
93%
26,937,721
91.8%
11,760,109
88.6%
% Correct
25,569,001
86.6%
14,568,926
86%
13,810,786
82.7%
16,301,578
79.6%
10,974,396
77.6%
43,201,023
74.4%
14,748,107
70.2%
14,720,396
69.8%
26,249,195
66.3%
13,960,604
65.8%
13,049,347
63%
10,867,812
59.1%
10,931,080
45.2%

You're not logged in!

Compare scores with friends on all Sporcle quizzes.
Sign Up with Email
OR
Log In

You Might Also Like...

Show Comments

Extras

Top Quizzes Today


Score Distribution

Your Account Isn't Verified!

In order to create a playlist on Sporcle, you need to verify the email address you used during registration. Go to your Sporcle Settings to finish the process.